000 00458nam a22001697a 4500
005 20260323112148.0
008 260323b |||||||| |||| 00| 0 eng d
020 _a978-81-203-3783-1
100 _aKULKARNI DHANANJAY M.
245 _aENGINEERING GRAPHICS WITH AUTOCAD
250 _aREVISED EDITION
260 _aNEW DELHI
_bPHI LEARNIG
_c2025
300 _aXI,326P.
500 _aINCLUDES AN INDEX
650 _aINCLUDES AN INDEX
942 _2lcc
_cBK
999 _c216852
_d216852